000 00559nam a2200217Ia 4500
003 OSt
005 20221007065033.0
006 a|||||r|||| 00| 0
007 ta
008 221006b |||||||| |||| 00| 0 eng d
024 _a29,811
037 _cAnnuals, Advances
040 _aFLL
_cFLL
_beng
041 _2eng
_aeng
082 _aX71.2.N75, L5
245 0 _aBudget 1974-75
260 _aDelhi
_bTaxmann Publication India
_c1975
300 _a136p
_ccm.
942 _hX71.2.N75, L5
_cREF
_2CC
999 _c1136138
_d1136138